Descripción geognóstica del Reino de Galicia : (Record no. 164978)

MARC details
000 -LEADER
campo de control de longitud fija 01580nam a2200241 i 4500
001 - NÚMERO DE CONTROL
campo de control 164978
003 - IDENTIFICADOR DE NÚMERO DE CONTROL
campo de control ES-MaACL
005 - FECHA Y HORA DE LA ÚLTIMA TRANSACCIÓN
campo de control 20260326151235.0
008 - DATOS DE LONGITUD FIJA--INFORMACIÓN GENERAL
campo de control de longitud fija 950925s1835 sp ab |||| | spa d
100 1# - ENTRADA PRINCIPAL--NOMBRE DE PERSONA
Nombre de persona Schulz, Guillermo,
Fechas asociadas al nombre 1805-1877
9 (RLIN) 104793
245 10 - MENCIÓN DEL TÍTULO
Título Descripción geognóstica del Reino de Galicia :
Resto del título acompañada de un mapa petrográfico de este país /
Mención de responsabilidad, etc. por Don Guillermo Schulz.
260 ## - PUBLICACIÓN, DISTRIBUCIÓN, ETC.
Lugar de publicación, distribución, etc. Madrid :
Nombre del editor, distribuidor, etc. [s.n.],
Fecha de publicación, distribución, etc. 1835 (
Fabricante Imp. de los Herederos de Collado)
300 ## - DESCRIPCIÓN FÍSICA
Extensión VI, 52 p., [2] h. pleg, [1] h. de mapa pleg. ;
Dimensiones 21 cm.
530 ## - NOTA DISPONIBLE DE FORMULARIO FÍSICO ADICIONAL
Nota de formato físico adicional disponible Disponible en formato digital.
650 #4 - PUNTO DE ACCESO ADICIONAL DE MATERIA--TÉRMINO DE MATERIA
Término de materia o nombre geográfico como elemento de entrada Geología-
Subdivisión geográfica Galicia.
9 (RLIN) 150369
852 4# - LOCALIZACIÓN
Ubicación ES-MaACL
Número de control de estantería 1495-F-9
itemnumber 171275
Ubicación en estantería Depósito folletos
Nota libre Revisado enlace: 27 de Marzo 2025.
852 4# - LOCALIZACIÓN
Ubicación ES-MaACL
Número de control de estantería T-7-F-3
Nota libre Revisado enlace: 27 de Marzo de 2025.
Ubicación en estantería Depósito folletos
Encuadernación Encuadernación en un volumen facticio.
-- Encuadernación holandesa falto de mapa plegado.
itemnumber 171276
852 ## - LOCALIZACIÓN
Ubicación ES-MaACL
Número de control de estantería T-1104-F-3
Nota libre Revisado enlace: 27 de Marzo 2025
Ubicación en estantería Depósito folletos
Donativo/Legado Legado de Federico de Botella y de Hornos .
Encuadernación Encuadernación holandesa conservando la cubierta original.
-- Falto de la hoja. plegada de mapa.
-- Encuadernación en un volumen facticio.
852 4# - LOCALIZACIÓN
Ubicación ES-MaACL
Número de control de estantería B-8924(3)
Nota libre Revisado enlace: 27 de Marzo de 2025
Ubicación en estantería Sala Pardo Bazán
Donativo/Legado Legado de Federico de Botella y de Hornos
Encuadernación Encuadernado en un volumen facticio agrupado con el nombre en el lomo: España, geología, memorias y documentos varios 1 a 8
itemnumber 171274
856 4# - LOCALIZACIÓN Y ACCESO ELECTRÓNICOS
Identificador Uniforme de Recursos <a href="http://bdh-rd.bne.es/viewer.vm?id=0000001384&page=1 ">http://bdh-rd.bne.es/viewer.vm?id=0000001384&page=1 </a>
Texto de enlace Biblioteca Digital Hispánica
942 ## - ELEMENTOS DE ENTRADA SECUNDARIOS (KOHA)
Fuente del sistema de clasificación o colocación Clasificación decimal universal
Holdings
Estatus retirado Estado de pérdida Estado de daño No para préstamo Colección Biblioteca de origen Biblioteca actual Ubicación en estantería Fecha de adquisición Total de préstamos Signatura topográfica completa Código de barras Visto por última vez Precio de reemplazo Tipo de ítem Koha Fuente de adquisición
        Colección de folletos Biblioteca del Ateneo de Madrid Biblioteca del Ateneo de Madrid Depósito folletos 17/01/2008   T-1104-F-3 1172947 23/02/2023 23/02/2023 Folleto  
        Colección digital Biblioteca del Ateneo de Madrid Biblioteca del Ateneo de Madrid Sala Pardo Bazán 09/05/2019   B-8924(3) 1200501 23/02/2023 23/02/2023 Libro impreso antiguo  
        Colección de folletos Biblioteca del Ateneo de Madrid Biblioteca del Ateneo de Madrid Depósito folletos 17/01/2008   1495-F-9 1172945 23/02/2023 23/02/2023 Folleto  
        Colección de folletos Biblioteca del Ateneo de Madrid Biblioteca del Ateneo de Madrid Depósito folletos 17/01/2008   T-7-F-3 1172946 23/02/2023 23/02/2023 Folleto